| 000 | 01186nam a2200253Ia 4500 | ||
|---|---|---|---|
| 999 |
_c53183 _d53183 |
||
| 001 | 20224 | ||
| 003 | GE_BSU | ||
| 005 | 20200625222250.0 | ||
| 008 | 181216s1943||||ge |||||||||||||| ||geo|| | ||
| 040 | _cGE_BSU | ||
| 041 | _ageo | ||
| 080 | _a81'374(038)=353.1'282 | ||
| 100 |
_aმენთეშაშვილი, სტეფანე _98830 |
||
| 245 |
_aქიზიყური ლექსიკონი / _cსტეფანე მენთეშაშვილი ; რედ. ვ. თოფურია. |
||
| 264 |
_aთბილისი : _bსაქ. მეცნ. აკად. გამ-ბა, _c1943. |
||
| 300 |
_a304 გვ. ; _c 21სმ. |
||
| 500 | _aწანართი : შემოკლებანი გვ. I-III | ||
| 500 | _a დანართი : ინფორმატორები გვ. 298-301 | ||
| 520 | _aგაშლილ თავფურც. სათაური რუსულ და ინგლისურ ენებზე. | ||
| 541 | _h6 ლ. | ||
| 653 | _aქიზიყური ლექსიკონი | ||
| 700 |
_aთოფურია, ვ. _eრედაქტორი _91040 |
||
| 942 |
_cBK _2udc |
||